000 00383 a2200121 4500
001 ART_14805
005 20260410161614.0
008 260409a
245 1 0 _aLiderar desde el consejo de administración
100 1 _aClark, Robert
700 1 _aLorsch, Jay W.
773 0 _tHarvard Business Review
_gLa empresa y su gobierno - Vol. 86, Nº 8 (ago. 2008)
_wREV340
999 _c10881
_d10881